Esta noche: la guerra
Salvato in:
| Autore principale: | |
|---|---|
| Natura: | Libro |
| Lingua: | spagnolo |
| Pubblicazione: |
Viña del Mar
Universidad Marítima de Chile
1997
|
| Edizione: | 2a. ed |
| Soggetti: | |
| Tags: |
Aggiungi Tag
Nessun Tag, puoi essere il primo ad aggiungerne!!
|
MARC
| LEADER | 00000cam a2200000 a 4500 | ||
|---|---|---|---|
| 001 | UCD1617 | ||
| 003 | CL-VaPUC | ||
| 008 | 160316e19971100cl |||||||||||||||||spa|d | ||
| 020 | |a 9562728064 | ||
| 082 | 0 | 4 | |a 980 |b TAP |2 21 |
| 100 | 0 | |a Tapia, Luis Alfonso |e author |9 584739 | |
| 245 | 1 | 0 | |a Esta noche: la guerra |
| 250 | |a 2a. ed | ||
| 300 | |a 320 p | ||
| 942 | |c BK | ||
| 945 | |d 20160316 17:23:00 |a arojas | ||
| 260 | |a Viña del Mar |b Universidad Marítima de Chile |c 1997 | ||
| 500 | |a v.3: Embajador ante Gaulle 1965 -1970 | ||
| 650 | 0 | |a Historia de América |9 266076 | |
| 650 | 0 | |a Límites fronterizos |9 357565 | |
| 651 | 0 | |a Canal Beagle |9 266960 | |
| 651 | 0 | |a Argentina |9 254888 | |
| 583 | |a last modification |c 20160316 17:23:00 |k Rodrigo Vera | ||
| 999 | |c 362888 |d 362886 | ||
| 952 | |0 0 |1 0 |3 erb |4 0 |6 980_000000000000000_TAP_1997 |7 0 |8 X |9 474484 |a FDOBUD |b FDOBUD |i 5217830 |o 980 TAP 1997 |p 5217830 |r 2019-11-24 |w 2019-11-24 |y BK_X |z Catalogado en:20160316 |k BUD | ||